000 00724nam a2200205 i 4500
001 185484
003 ES-MaACL
005 20230906222440.0
008 160610s1976 ag a |||| |bspa d
080 _a929 Vladimir Maiakovski
080 _a821.161.1-6"19"
100 1 _aMaiakovskiï, Vladimir Vladimirovich.
_975553
245 1 0 _aCartas de amor a Lilí Brik
_b: (1917-1930) /
_cVladimir Maiakovski ; [prólogo, Lilí Brik].
250 _a2ª ed.
260 _aBuenos Aires :
_bEdiciones de la Flor,
_c1976.
300 _a153 p. :
_bil. ;
_c20 cm.
599 _aLas il. son dibujos del autor.
600 1 4 _aMaiakovskiï, Vladimir Vladimirovich.
_975553
852 _aES-MaACL
_jL-30372
_z. - Donat. Miguel A. Velasco
999 _c185484
_d185484